000 01389nam a22002297a 4500
999 _c59454
_d59454
003 Ge_BSU
005 20230221113253.0
008 230221s2014ge xxu||||| |||| 00| 0 geo d
020 _a9789941411762
041 _ageo
080 _a631.527(075.8) ს-21
100 _aსამადაშვილი, ცოტნე, ავტორი.
_916992
245 _aკულტურულ მცენარეთა მეთესლეობა თესლმცოდნეობის საფუძვლებით
_b [სახელმძღვ.] /
_cცოტნე სამადაშვილი, პეტრე ნასყიდაშვილი ; [რედ. ლ. ალფაიძე] ;
264 _aთბილისი :
_bცოდნა,
_c 2014.
300 _a147 გვ. :
_bილ., ცხრ. ;
_c20 სმ.
504 _aბიბლიოგრ.: გვ. 143-144.
653 _aმცენარეთა სელექცია -- სახელმძღვანელოები
653 _aთესლმცოდნეობა სახელმძღვანელოები უმაღლესი სასწავლებლებისათვის.
700 _aნასყიდაშვილი, პეტრე
_9581
700 _aალფაიძე, ლ.
_eრედაქტორი
_916993
942 _2udc
_cQSR